000 00402nam a2200133Ia 4500
008 210210b1981 xxu||||| |||| 00| 0 eng d
082 _a355 INFO
100 _a-
245 _aInformation digest how to join the armed forces as a commissioned officer.
260 _aND
_bPublication Division Ministry of Information & Broadcasting
_c1981
300 _a65
690 _aMilitary Science
906 _a040429
999 _c90651
_d90651